Software Testing Principles And Practices (Record no. 107767)

MARC details
000 -LEADER
fixed length control field 00346pam a2200133 a 4500
020 ## - INTERNATIONAL STANDARD BOOK NUMBER
Terms of availability
041 ## - LANGUAGE CODE
Language code of original
082 ## - DEWEY DECIMAL CLASSIFICATION NUMBER
Classification number 5.1399999999999997
Item number DES
100 ## - MAIN ENTRY--PERSONAL NAME
Personal name Desikam
245 ## - TITLE STATEMENT
Title Software Testing Principles And Practices
Medium Textual Documents
260 ## - PUBLICATION, DISTRIBUTION, ETC.
Place of publication, distribution, etc. New Delhi
Name of publisher, distributor, etc. Pearson Education [Addison Wesley]
Date of publication, distribution, etc. 2007
300 ## - PHYSICAL DESCRIPTION
Extent XVIII/486
930 ## - EQUIVALENCE OR CROSS-REFERENCE-UNIFORM TITLE HEADING [LOCAL, CANADA]
Uniform title 934
Holdings
Withdrawn status Lost status Damaged status Not for loan Collection Home library Current library Date acquired Source of acquisition Cost, normal purchase price Total Checkouts Full call number Barcode Date last seen Copy number Price effective from Koha item type Shelving location
          Abhijit Kadam Institute of Management & Social Science, Solapur Abhijit Kadam Institute of Management & Social Science, Solapur 24/08/2007 Bharati Madhyavarti Sahakari Grahakbhandar Limited 275.00   5.1399999999999997 DES AKS-C-02265 01/03/2023 2 01/03/2023 Book  
  Missing       Abhijit Kadam Institute of Management & Social Science, Solapur Abhijit Kadam Institute of Management & Social Science, Solapur 24/08/2007 Bharati Madhyavarti Sahakari Grahakbhandar Limited 275.00   5.1399999999999997 DES AKS-C-02264 01/03/2023 1 01/03/2023 Book Missing